000 00731nam a2200181Ia 4500
008 100921s9999 xx 000 0 und d
082 _b10397
_a294.563 थ 68
100 _aसरदार गंगाधर बाळकृष्ण.
245 _aतुकाराम दर्शन-अभंगवाणी.
260 _bमॉडर्न बुक डेपो, पुणे.
_c1968
300 _a71
_b---
365 _b6
520 _aधर्म-संत संहित्य.
630 _aतुकाराम दर्शन-अभंगवाणी.
650 _aधर्म-संत संहित्य.
730 _aतुकाराम दर्शन-अभंगवाणी.
942 _cBOOK
999 _c759510
_d759507